[Event "POL-ch Academic (Women)"]
[Site "Katowice"]
[Date "2018.02.02"]
[Round "3"]
[White "Kulon, Klaudia"]
[Black "Byrka, Joanna"]
[Result "1-0"]
[WhiteElo "2364"]
[BlackElo "1948"]
[PlyCount "59"]
[EventDate "2018.02.02"]
[EventType "swiss (rapid)"]
[EventRounds "9"]
[EventCountry "POL"]
[SourceTitle "CBM 182 Extra"]
[Source "ChessBase"]
[SourceDate "2018.02.23"]
[SourceVersion "1"]
[SourceVersionDate "2018.02.23"]
[SourceQuality "1"]

1. c4 Nf6 2. g3 c5 3. Bg2 d5 4. cxd5 Nxd5 5. Nc3 Nc7 6. Nf3 Nc6 7. d3 e5 8. 0-0 Be7 9. Be3 0-0 10. Rc1 Ne6 11. a3 Ned4 12. Nd2 Be6 13. f4 Qd7 14. Nce4 exf4 15. Bxf4 b6 16. Nf2 Rac8 17. Nc4 f6 18. Kh1 Bd5 19. e4 Be6 20. Bd2 Rfd8 21. Bc3 Ne5 22. Nxe5 fxe5 23. Qh5 Bf7 24. Qxe5 Bf6 25. Qf4 Ne2 26. Qe3 Nxc1 27. Bxf6 gxf6 28. Qxc1 Qd4 29. Ng4 Rd6 30. Qh6 1-0

[Event "Ogolnopolski-ch 55th"]
[Site "Zamosc"]
[Date "2013.??.??"]
[Round "4"]
[White "Byrka, Joanna"]
[Black "Gasik, Anna"]
[Result "0-1"]
[WhiteElo "1959"]
[BlackElo "2232"]
[PlyCount "120"]
[EventDate "2013.06.07"]
[EventType "swiss"]
[EventRounds "9"]
[EventCountry "POL"]
[SourceTitle "EXT 2014"]
[Source "ChessBase"]
[SourceDate "2013.11.20"]
[SourceVersion "1"]
[SourceVersionDate "2013.11.20"]
[SourceQuality "1"]

1. e4 c5 2. Nf3 e6 3. d4 cxd4 4. Nxd4 a6 5. Bd3 Bc5 6. Nb3 Be7 7. a4 b6 8. 0-0 d6 9. Be3 Nd7 10. Na3 Bb7 11. Nc4 Ngf6 12. f3 d5 13. exd5 Nxd5 14. Bf2 0-0 15. Re1 Rc8 16. Ncd2 Nb4 17. Nf1 Nc5 18. Nxc5 Bxc5 19. Bxc5 Rxc5 20. Qe2 Nxd3 21. Qxd3 Qxd3 22. cxd3 Rd8 23. Ra3 Bc6 24. b4 Rc2 25. Ne3 Rb2 26. Rc1 Be8 27. a5 Rxb4 28. axb6 Rxb6 29. Nc4 Rc6 30. Rca1 Kf8 31. Kf2 f6 32. Rxa6 Rxd3 33. Rxc6 Bxc6 34. Ra6 Bb5 35. Ra8+ Kf7 36. Ne3 Rd2+ 37. Kg3 g5 38. Rb8 Bc6 39. Rc8 Bd7 40. Rc7 Ke7 41. Ra7 Rd4 42. Nc2 Rc4 43. Ne3 Rc3 44. Kf2 h5 45. Rb7 h4 46. Ng4 Rc2+ 47. Kg1 Rd2 48. Ra7 Kf7 49. Ne3 Kg6 50. Ra8 Bc6 51. Rg8+ Kf7 52. Rc8 Bd5 53. Rc7+ Kg6 54. Rc8 Re2 55. Nxd5 exd5 56. Rd8 Rd2 57. Rd6 Kf5 58. Kf1 Ke5 59. Rd8 h3 60. gxh3 Rxh2 0-1

[Event "Ogolnopolski-ch 55th"]
[Site "Zamosc"]
[Date "2013.??.??"]
[Round "3"]
[White "Chrzaszcz, Malvina"]
[Black "Byrka, Joanna"]
[Result "1-0"]
[WhiteElo "2042"]
[BlackElo "1959"]
[PlyCount "77"]
[EventDate "2013.06.07"]
[EventType "swiss"]
[EventRounds "9"]
[EventCountry "POL"]
[SourceTitle "EXT 2014"]
[Source "ChessBase"]
[SourceDate "2013.11.20"]
[SourceVersion "1"]
[SourceVersionDate "2013.11.20"]
[SourceQuality "1"]

1. e4 c5 2. Nf3 e6 3. d4 cxd4 4. Nxd4 Nf6 5. Nc3 d6 6. Be2 a6 7. a4 Qc7 8. 0-0 Be7 9. f4 0-0 10. Be3 b6 11. Bf3 Bb7 12. Qd2 Nbd7 13. g4 Nc5 14. Qg2 e5 15. Nf5 exf4 16. Bxf4 Rfd8 17. g5 Ne8 18. Nd5 Bxd5 19. exd5 Bf8 20. Kh1 Rac8 21. b4 Nd7 22. Be4 g6 23. Nh6+ Bxh6 24. gxh6 Ne5 25. Bf5 Ra8 26. Rae1 Kh8 27. Be6 f6 28. Qg3 Nd7 29. Qd3 a5 30. Bg5 axb4 31. Bxd7 Qxd7 32. Rxf6 Nxf6 33. Bxf6+ Kg8 34. Re7 Qf5 35. Rg7+ Kf8 36. Be7+ Ke8 37. Qxf5 gxf5 38. Bxd8 Rxd8 39. Rxh7 1-0

[Event "Krakow op"]
[Site "Krakow"]
[Date "2012.05.04"]
[Round "7"]
[White "Byrka, Joanna"]
[Black "Kawula, Andrzej"]
[Result "1/2-1/2"]
[WhiteElo "1959"]
[BlackElo "1990"]
[PlyCount "109"]
[EventDate "2012.04.29"]
[EventType "swiss"]
[EventRounds "9"]
[EventCountry "POL"]
[SourceTitle "CBM 148 Extra"]
[Source "ChessBase"]
[SourceDate "2012.06.22"]
[SourceVersion "1"]
[SourceVersionDate "2012.06.22"]
[SourceQuality "1"]

1. e4 e6 2. d4 d5 3. Nc3 Bb4 4. e5 c5 5. Bd2 cxd4 6. Nb5 Bxd2+ 7. Qxd2 Nc6 8. Nd6+ Kf8 9. f4 Qb6 10. 0-0-0 Nge7 11. Nf3 Bd7 12. Nxd4 Nxd4 13. Qxd4 Qxd4 14. Rxd4 Nc6 15. Rd2 Rb8 16. Be2 Ke7 17. c4 dxc4 18. Nxc4 Rhc8 19. Kb1 Nb4 20. Nd6 Rc7 21. Rhd1 Bc6 22. Bb5 Nd5 23. g3 a6 24. Bxc6 Rxc6 25. Rc1 Rxc1+ 26. Kxc1 f6 27. Rc2 fxe5 28. fxe5 Rf8 29. b3 Rf1+ 30. Kb2 b5 31. Nb7 Re1 32. Na5 Kd7 33. Nc6 Ke8 34. Rd2 b4 35. a3 bxa3+ 36. Kxa3 Kf7 37. Nd8+ Ke7 38. Nc6+ Ke8 39. Kb2 Re3 40. Rc2 Re1 41. Rd2 h6 42. Rf2 Re3 43. Rd2 g5 44. Rc2 g4 45. Rd2 h5 46. Rc2 Kf8 47. Nb8 Nb4 48. Rc8+ Kf7 49. Ka3 Nd3 50. Rc3 Kg6 51. Nxa6 Rxe5 52. Rxd3 Ra5+ 53. Kb4 Rxa6 54. Rd2 Kf5 55. Re2 1/2-1/2

[Event "Krakow op-B 22nd"]
[Site "Krakow"]
[Date "2011.12.30"]
[Round "4"]
[White "Byrka, Joanna"]
[Black "Adamowicz, Maciej"]
[Result "1/2-1/2"]
[WhiteElo "1922"]
[BlackElo "1957"]
[PlyCount "32"]
[EventDate "2011.12.27"]
[EventType "swiss"]
[EventRounds "9"]
[EventCountry "POL"]
[SourceTitle "CBM 146 Extra"]
[Source "ChessBase"]
[SourceDate "2012.02.29"]
[SourceVersion "1"]
[SourceVersionDate "2012.02.29"]
[SourceQuality "1"]

1. e4 c5 2. Nf3 Nc6 3. d4 cxd4 4. Nxd4 g6 5. Nc3 Bg7 6. Be3 Nf6 7. Bc4 Qa5 8. Qd2 Qb4 9. Bb3 Nxe4 10. Nxc6 bxc6 11. Nxe4 Qxe4 12. 0-0-0 0-0 13. f3 Qf5 14. Bh6 d5 15. h4 e5 16. Bxg7 Kxg7 1/2-1/2

[Event "EU-ch U18 Girls"]
[Site "Albena"]
[Date "2011.09.14"]
[Round "4"]
[White "Messina, Roberta"]
[Black "Byrka, Joanna"]
[Result "1/2-1/2"]
[WhiteElo "1970"]
[BlackElo "1925"]
[PlyCount "106"]
[EventDate "2011.09.11"]
[EventType "swiss"]
[EventRounds "9"]
[EventCountry "BUL"]
[SourceTitle "CBM 144 Extra"]
[Source "ChessBase"]
[SourceDate "2011.10.28"]
[SourceVersion "1"]
[SourceVersionDate "2011.10.28"]
[SourceQuality "1"]

1. c4 Nf6 2. Nc3 c5 3. Nf3 d5 4. cxd5 Nxd5 5. e4 Nc7 6. Bc4 Nc6 7. 0-0 e6 8. d3 Be7 9. Be3 0-0 10. d4 cxd4 11. Nxd4 Nxd4 12. Bxd4 b6 13. Qd3 Bb7 14. Rfd1 Qd6 15. Qe2 e5 16. Be3 Qc6 17. Rac1 Bb4 18. Bd5 Nxd5 19. Nxd5 Qa4 20. Qc4 Bxd5 21. Rxd5 b5 22. Rxb5 Rac8 23. Bc5 Rfd8 24. Rxb4 Rd1+ 25. Rxd1 Qxd1+ 26. Qf1 Qd2 27. h3 h6 28. Rc4 Rd8 29. Qc1 Qe2 30. Be3 Rd1+ 31. Qxd1 Qxd1+ 32. Kh2 a6 33. Rc6 Qd3 34. a3 Kh7 35. Rc7 Kg6 36. Rc6+ Kh7 37. Rb6 Kg8 38. a4 Qxe4 39. Rxa6 f5 40. Ra7 f4 41. Bc5 Qd5 42. b4 e4 43. Re7 f3 44. gxf3 exf3 45. Kg3 g5 46. Kg4 Qc6 47. a5 Qc8+ 48. Kh5 Qf5 49. Kxh6 Qf6+ 50. Kh5 Qf5 51. Kh6 Qf6+ 52. Kh5 Qf5 53. Kh6 Qf6+ 1/2-1/2

[Event "World School-ch U17 Girls 7th"]
[Site "Krakow"]
[Date "2011.05.03"]
[Round "4"]
[White "Byrka, Joanna"]
[Black "Khalilova, Khadija Gyunduz Qiz"]
[Result "1-0"]
[WhiteElo "1883"]
[BlackElo "1737"]
[PlyCount "77"]
[EventDate "2011.04.30"]
[EventType "tourn"]
[EventRounds "9"]
[EventCountry "POL"]
[SourceTitle "CBM 142 Extra"]
[Source "ChessBase"]
[SourceDate "2011.06.27"]
[SourceVersion "1"]
[SourceVersionDate "2011.06.27"]
[SourceQuality "1"]

1. e4 c5 2. Nf3 d6 3. d4 cxd4 4. Nxd4 Nf6 5. Nc3 a6 6. h3 e6 7. g4 d5 8. Bg2 dxe4 9. Nxe4 Nxe4 10. Bxe4 Bc5 11. Be3 Qb6 12. 0-0 0-0 13. c3 f5 14. b4 fxe4 15. bxc5 Qd8 16. Qb3 Qe7 17. Nf5 Qf7 18. Nd6 Qe7 19. Rab1 Nc6 20. Nxc8 Raxc8 21. Qxb7 Rc7 22. Qxa6 Qh4 23. Kg2 Qf6 24. Qe2 Qxc3 25. Rb3 Qe5 26. Qb2 Qd5 27. Rb7 Rcf7 28. Rxf7 Rxf7 29. Qb3 Qe5 30. Rd1 Qf6 31. Rd6 Nd8 32. Bd4 Qe7 33. Be5 Qf8 34. Bg3 Nb7 35. Rb6 Nxc5 36. Qc4 Nd7 37. Rxe6 Nf6 38. Rc6 Qe7 39. Bd6 1-0

[Event "POL-ch U18 Girls"]
[Site "Murzasichle"]
[Date "2011.03.09"]
[Round "6"]
[White "Byrka, Joanna"]
[Black "Adamowicz, Katarzyna"]
[Result "0-1"]
[WhiteElo "1883"]
[BlackElo "2100"]
[PlyCount "118"]
[EventDate "2011.03.05"]
[EventType "swiss"]
[EventRounds "9"]
[EventCountry "POL"]
[SourceTitle "EXT 2012"]
[Source "ChessBase"]
[SourceDate "2011.11.24"]
[SourceVersion "1"]
[SourceVersionDate "2011.11.24"]
[SourceQuality "1"]

1. e4 c5 2. Nf3 e6 3. d4 cxd4 4. Nxd4 a6 5. Bd3 Bc5 6. Nb3 Be7 7. 0-0 d6 8. Nc3 Nf6 9. Be3 Qc7 10. f4 Nc6 11. Kh1 h5 12. Qf3 h4 13. h3 Nh5 14. Rfe1 b5 15. Nd4 Bb7 16. Qf2 Nxd4 17. Bxd4 b4 18. Ne2 e5 19. fxe5 dxe5 20. Bb6 Qc6 21. c3 Ng3+ 22. Kg1 0-0 23. cxb4 Bxb4 24. Rec1 Qg6 25. Nxg3 hxg3 26. Qe3 Rac8 27. a3 Bd2 28. Qxd2 Qxb6+ 29. Kh1 Qd4 30. Qe2 Rxc1+ 31. Rxc1 Rd8 32. Bxa6 Bxa6 33. Qxa6 Qxb2 34. Rf1 Qc2 35. Qb7 Qc4 36. Rg1 Qe6 37. Rf1 Rd2 38. Qb4 Rf2 39. Rd1 Qf6 40. Qc4 Rxg2 41. Qc8+ Kh7 42. Qf5+ Qxf5 43. exf5 Rf2 44. Rd3 Rxf5 45. Kg2 Rf2+ 46. Kxg3 Ra2 47. Kg4 Kh6 48. Kf5 f6 49. Rd8 Rf2+ 50. Ke4 Rf4+ 51. Ke3 Ra4 52. Rd3 f5 53. Rb3 Kg5 54. Kf2 e4 55. Rg3+ Kf6 56. h4 g6 57. Ke2 Ra6 58. Rb3 Ke5 59. Kf2 Kf4 0-1

[Event "POL-ch U18 Girls"]
[Site "Murzasichle"]
[Date "2011.03.06"]
[Round "2"]
[White "Dobrzanska, Joanna"]
[Black "Byrka, Joanna"]
[Result "0-1"]
[WhiteElo "1596"]
[BlackElo "1883"]
[PlyCount "72"]
[EventDate "2011.03.05"]
[EventType "swiss"]
[EventRounds "9"]
[EventCountry "POL"]
[SourceTitle "EXT 2012"]
[Source "ChessBase"]
[SourceDate "2011.11.24"]
[SourceVersion "1"]
[SourceVersionDate "2011.11.24"]
[SourceQuality "1"]

1. e4 c5 2. Nf3 Nc6 3. d4 cxd4 4. Nxd4 Nf6 5. Nc3 e6 6. Be2 Bb4 7. Nxc6 bxc6 8. Bd3 d5 9. exd5 cxd5 10. Bd2 0-0 11. 0-0 Rb8 12. Rb1 Bd7 13. a3 Bd6 14. Be3 Qc7 15. h3 Be5 16. Bd2 Rb7 17. Qe1 Bc6 18. b3 Rfb8 19. a4 Bf4 20. Bxf4 Qxf4 21. Rd1 d4 22. Ne2 Qg5 23. Ng3 h5 24. Ne4 Bxe4 25. Bxe4 Rd7 26. Bd3 Qc5 27. Qe2 Re7 28. Rfe1 e5 29. Qf3 e4 30. Bxe4 Rbe8 31. Bh7+ Kxh7 32. Qd3+ Kg8 33. Rxe7 Rxe7 34. Qxd4 Qxc2 35. Qd8+ Re8 36. Qd3 Re1+ 0-1

[Event "Polanica Zdroj op-B 46th"]
[Site "Polanica Zdroj"]
[Date "2010.08.26"]
[Round "9"]
[White "Kalmuk, Krzysztof"]
[Black "Byrka, Joanna"]
[Result "0-1"]
[WhiteElo "1765"]
[BlackElo "1832"]
[PlyCount "60"]
[EventDate "2010.08.18"]
[EventType "swiss"]
[EventRounds "9"]
[EventCountry "POL"]
[SourceTitle "CBM 138 Extra"]
[Source "ChessBase"]
[SourceDate "2010.10.29"]
[SourceVersion "1"]
[SourceVersionDate "2010.10.29"]
[SourceQuality "1"]

1. d4 Nf6 2. c4 c5 3. Nf3 cxd4 4. Nxd4 e5 5. Nb5 d5 6. cxd5 Bc5 7. e3 0-0 8. N5c3 e4 9. Nd2 Qe7 10. Qc2 Bf5 11. h3 Rd8 12. Bc4 h6 13. a3 Nbd7 14. b4 Bb6 15. Qb3 Ne5 16. Bb2 Rac8 17. 0-0-0 a5 18. b5 a4 19. Nxa4 Nxc4 20. Nxc4 Rxc4+ 21. Kb1 Rxa4 22. Qxa4 Nxd5 23. Rd2 Nf6 24. Rhd1 Rd3 25. g4 Rxd2 26. Rxd2 Be6 27. Qc2 Nd5 28. Ka1 Ba5 29. Rd4 Bc3 30. Rxe4 Qxa3+ 0-1

[Event "Polanica Zdroj op-B 46th"]
[Site "Polanica Zdroj"]
[Date "2010.08.21"]
[Round "4"]
[White "Byrka, Joanna"]
[Black "Koloczek, Henryk"]
[Result "1/2-1/2"]
[WhiteElo "1832"]
[BlackElo "1694"]
[PlyCount "36"]
[EventDate "2010.08.18"]
[EventType "swiss"]
[EventRounds "9"]
[EventCountry "POL"]
[SourceTitle "CBM 138 Extra"]
[Source "ChessBase"]
[SourceDate "2010.10.29"]
[SourceVersion "1"]
[SourceVersionDate "2010.10.29"]
[SourceQuality "1"]

1. e4 c5 2. Nf3 g6 3. d4 cxd4 4. Nxd4 Nc6 5. Be3 Bg7 6. Nc3 Nf6 7. f3 0-0 8. Qd2 d5 9. 0-0-0 dxe4 10. Nxc6 Qxd2+ 11. Rxd2 bxc6 12. Nxe4 Nxe4 13. fxe4 Be6 14. Kb1 Rab8 15. b3 a5 16. Be2 a4 17. Bd4 Rfd8 18. Rhd1 Bh6 1/2-1/2

[Event "Polanica Zdroj op-B 46th"]
[Site "Polanica Zdroj"]
[Date "2010.08.18"]
[Round "1"]
[White "Rozycki, Dariusz"]
[Black "Byrka, Joanna"]
[Result "1/2-1/2"]
[WhiteElo "1505"]
[BlackElo "1832"]
[PlyCount "53"]
[EventDate "2010.08.18"]
[EventType "swiss"]
[EventRounds "9"]
[EventCountry "POL"]
[SourceTitle "CBM 138 Extra"]
[Source "ChessBase"]
[SourceDate "2010.10.29"]
[SourceVersion "1"]
[SourceVersionDate "2010.10.29"]
[SourceQuality "1"]

1. e4 c5 2. d4 cxd4 3. c3 dxc3 4. Nxc3 Nc6 5. Bc4 e6 6. Nf3 a6 7. 0-0 b5 8. Bb3 Bc5 9. Bf4 Nge7 10. Rc1 Bb6 11. Nd5 exd5 12. exd5 0-0 13. dxc6 dxc6 14. Qxd8 Bxd8 15. Bd6 Re8 16. Ne5 Be6 17. Bxe6 fxe6 18. Nxc6 Nf5 19. Nxd8 Nxd6 20. Nc6 Nc4 21. b3 Nb6 22. Rfe1 Nd5 23. g3 Rac8 24. Ne5 Rc3 25. Rxc3 Nxc3 26. a3 Rd8 27. Re3 1/2-1/2

[Event "POL-chT U19 2nd League"]
[Site "Chelm Lubelski"]
[Date "2010.07.09"]
[Round "5"]
[White "Kaczor, Katarzyna"]
[Black "Byrka, Joanna"]
[Result "0-1"]
[WhiteElo "1664"]
[BlackElo "1832"]
[PlyCount "110"]
[EventDate "2010.07.06"]
[EventType "team-tourn"]
[EventRounds "11"]
[EventCountry "POL"]
[SourceTitle "EXT 2011"]
[Source "ChessBase"]
[SourceDate "2010.11.26"]
[SourceVersion "1"]
[SourceVersionDate "2010.11.26"]
[SourceQuality "1"]
[WhiteTeam "Kielce Fart U19"]
[BlackTeam "Kielce KMKSz Victoria U19"]
[WhiteTeamCountry "POL"]
[BlackTeamCountry "POL"]

1. e4 c5 2. c3 Nf6 3. e5 Nd5 4. d4 cxd4 5. Qxd4 e6 6. Nf3 Qc7 7. Bd3 Nc6 8. Qe4 d6 9. exd6 Bxd6 10. Nbd2 Nf4 11. Bf1 Ng6 12. Nc4 Be7 13. Bd3 b6 14. Bg5 Bb7 15. Qe2 Bxg5 16. Bxg6 hxg6 17. Nxg5 0-0-0 18. h3 Qf4 19. Nf3 g5 20. Rg1 Rhe8 21. Ncd2 g4 22. hxg4 Qxg4 23. 0-0-0 Rd7 24. Qe3 Red8 25. g3 Rd3 26. Qg5 Qa4 27. a3 Na5 28. Nd4 Nc4 29. Nxc4 Qxc4 30. Qb5 Rxd1+ 31. Rxd1 Qc7 32. Qg5 g6 33. Nb5 Rxd1+ 34. Kxd1 Qd7+ 35. Kc1 f6 36. Nxa7+ Kb8 37. Qxg6 Kxa7 38. Qxf6 Qd5 39. g4 Qe4 40. f3 Qe3+ 41. Kc2 Bxf3 42. Qf7+ Ka6 43. Qd7 Be4+ 44. Kd1 Bf3+ 45. Kc2 Qe4+ 46. Kb3 Qxg4 47. Qd3+ Ka7 48. Qd7+ Bb7 49. Kc2 Qe4+ 50. Kc1 e5 51. Qe7 Qf4+ 52. Kc2 e4 53. Qb4 Qf2+ 54. Kb3 Bd5+ 55. Ka4 e3 0-1

[Event "Krakow-B"]
[Site "Krakow"]
[Date "2010.06.29"]
[Round "7"]
[White "Wojdynski, Jakub"]
[Black "Byrka, Joanna"]
[Result "1/2-1/2"]
[WhiteElo "1800"]
[BlackElo "1831"]
[PlyCount "55"]
[EventDate "2010.06.25"]
[EventType "tourn"]
[EventRounds "9"]
[EventCountry "POL"]
[SourceTitle "EXT 2023"]
[Source "ChessBase"]
[SourceDate "2022.10.05"]
[SourceVersion "1"]
[SourceVersionDate "2022.10.05"]
[SourceQuality "1"]

1. e4 c5 2. Ne2 Nc6 3. g3 Nf6 4. Bg2 e6 5. Nbc3 Be7 6. 0-0 d5 7. exd5 exd5 8. d4 cxd4 9. Nxd4 0-0 10. Bf4 a6 11. a3 Nxd4 12. Qxd4 Be6 13. Rfd1 Rc8 14. Nxd5 Nxd5 15. Bxd5 Bxd5 16. Qxd5 Qxd5 17. Rxd5 Rxc2 18. Rd7 Bf6 19. Rxb7 Rxb2 20. Rb1 Rxb1+ 21. Rxb1 Bd4 22. Rb4 Bc5 23. Rc4 Bxa3 24. Ra4 Bb2 25. Rxa6 g6 26. Bh6 Bg7 27. Bxg7 Kxg7 28. Rd6 1/2-1/2

[Event "Krakow-B"]
[Site "Krakow"]
[Date "2010.06.27"]
[Round "4"]
[White "Byrka, Joanna"]
[Black "Lankof, Piotr"]
[Result "1/2-1/2"]
[WhiteElo "1831"]
[BlackElo "1455"]
[PlyCount "50"]
[EventDate "2010.06.25"]
[EventType "tourn"]
[EventRounds "9"]
[EventCountry "POL"]
[SourceTitle "EXT 2023"]
[Source "ChessBase"]
[SourceDate "2022.10.05"]
[SourceVersion "1"]
[SourceVersionDate "2022.10.05"]
[SourceQuality "1"]

1. e4 e5 2. Nf3 Nc6 3. d4 exd4 4. Nxd4 Bc5 5. Nxc6 Qf6 6. Qf3 bxc6 7. Nc3 d6 8. Bc4 Qxf3 9. gxf3 Ne7 10. Rg1 Bd4 11. Be3 Bxe3 12. fxe3 g6 13. 0-0-0 Be6 14. Bb3 Bxb3 15. axb3 0-0-0 16. Rd4 c5 17. Rd2 f5 18. Nd5 Nxd5 19. exd5 Rde8 20. Re2 Re5 21. c4 Kd7 22. Kc2 Rhe8 23. Rge1 c6 24. dxc6+ Kxc6 25. Kd3 Rb8 1/2-1/2